000 00350nam a22001457a 4500
005 20230713111045.0
008 230713b ||||| |||| 00| 0 eng d
040 _cAL
041 _aeng
082 _223
_a158.3
_bPATC
100 _aLewis Patterson
_9126627
245 _aCounseling process
260 _aBelmont
_bWadsworth
_c2000
942 _2ddc
_cBK
999 _c227829
_d227829